Vista normal
Vista MARC
Entrada Personal Name
Número de registros utilizados en: 1
001 - CONTROL NUMBER
- control field: 7222
003 - CONTROL NUMBER IDENTIFIER
- control field: OSt
005 - DATE AND TIME OF LATEST TRANSACTION
- control field: 20210318140606.0
008 - FIXED-LENGTH DATA ELEMENTS
- fixed length control field: 790921n| azannaabn |n aaa
010 ## - LIBRARY OF CONGRESS CONTROL NUMBER
- LC control number: 79081901
035 ## - SYSTEM CONTROL NUMBER
- System control number: (DLC)n 79081901
040 ## - CATALOGING SOURCE
- Original cataloging agency: DLC
- Language of cataloging: spa
- Description conventions: rda
- Transcribing agency: Mx-PuUPA
- Modifying agency: DLC
- Modifying agency: Mx-PuUPA
046 ## - SPECIAL CODED DATES
- Birth date: 19211229
- Death date: 20120925
100 1# - HEADING--PERSONAL NAME
- Personal name: Friedman, Maurice S.,
- Dates associated with a name: 1921-2012
370 ## - ASSOCIATED PLACE
- Place of birth: Tulsa, Okla.
- Place of death: Solana Beach, California
372 ## - FIELD OF ACTIVITY
- Field of activity: Buber, Martin, 1878-1965
- Source of term: naf
373 ## - ASSOCIATED GROUP
- Associated group: Universidad Estatal de San Diego
- Source of term: naf
374 ## - OCCUPATION
- Occupation: Profesor
- Occupation: Biógrafo
- Occupation: Traductor
375 ## - GENDER
- Gender: hombre
377 ## - ASSOCIATED LANGUAGE
- Language code: eng
378 ## - FULLER FORM OF PERSONAL NAME
- Fuller form of personal name: Maurice Stanley
670 ## - SOURCE DATA FOUND
- Source citation: Martin Buber, 1955.
670 ## - SOURCE DATA FOUND
- Source citation: The human way, 1981:
- Information found: CIP galley t.p. (Maurice Friedman, Ph.D.)
670 ## - SOURCE DATA FOUND
- Source citation: His Dialogue and the human image, c1992:
- Information found: CIP t.p. (Maurice Friedman) galley (Maurice Stanley Friedman; prof. of Religious Studies, Philosophy, and Comparative Lit., San Diego State U.)
670 ## - SOURCE DATA FOUND
- Source citation: Information from LC/NAF, 678 field
- Information found: (b. 1921)
670 ## - SOURCE DATA FOUND
- Source citation: American Psychological Association, Division 32 - Humanistic Psychology, Apr. 19, 2011
- Information found: ( Dr. Maurice Stanley Friedman: Dr. Friedman is Professor Emeritus of Religious Studies, Philosophy, and Comparative Literature at San Diego State University, where he taught from 1973 to 1991, and is Co-Director of the Institute for Dialogical Psychotherapy in San Diego, where he teaches in the two-year training program, etc. Maurice Friedman holds an S.B. magna cum laude in Economics from Harvard University (1943), an M.A. in English from Ohio State (1947), a Ph.D. in the History of Culture from the University of Chicatgo (1950), an honorary LL.D. from the University of Vermont (1961), a Doctor of Humane Letters from the Professional School of Psychological Studies, San Diego (1986), and a Doctor of Humane Letters from Hebrew Union College-Jewish Institute of Religion (1998), etc. Site includes list of publs.)
- Uniform Resource Identifier: http://www.apa.org/divisions/div32/friedman.html
670 ## - SOURCE DATA FOUND
- Source citation: New York times WWW site, Oct. 9, 2012
- Information found: (in obituary published Oct. 5: Maurice S. Friedman; b. Maurice Stanley Friedman, Dec. 29, 1921, Tulsa, Okla.; d. Sept. 25, Solana Beach, Calif., aged 90; biographer and translator of Martin Buber)
670 ## - SOURCE DATA FOUND
- Source citation: Biblioteca del congreso (Estados unidos), 14 mayo 2018.
- Information found: catálogo electrónico
- Uniform Resource Identifier: https://goo.gl/f8VaLv